00463 2200181 4500245006200000020002200062250001100084100002500095700001800120650001500138650001700153005001900170260003700189041001400226084001100240300002100251336000900272 aGempa Bumi b : Seri BencanacSari Pusparini SolehhText a978-979-692-028-0 aCet. 1 aSari Pusparini Soleh aPipih Latifah aGempa Bumi aSeri Bencana a20230306092710 aBandungbRemaja Rosdakaryac2011 aIndonesia a551.22 a52 hlm. :cilus, atext